<?xml version="1.0" encoding="UTF-8"?>
<collection xmlns="http://www.loc.gov/MARC21/slim">
 <record>
  <leader>01216nam a2200325 a 4500</leader>
  <controlfield tag="001">15542606</controlfield>
  <controlfield tag="008">100712r20092007caua          001 0 eng d</controlfield>
  <datafield tag="010" ind1=" " ind2=" ">
   <subfield code="a">  2008301067</subfield>
  </datafield>
  <datafield tag="020" ind1=" " ind2=" ">
   <subfield code="a">9788181288783</subfield>
  </datafield>
  <datafield tag="020" ind1=" " ind2=" ">
   <subfield code="a">9781590598849</subfield>
  </datafield>
  <datafield tag="020" ind1=" " ind2=" ">
   <subfield code="a">1590598849</subfield>
  </datafield>
  <datafield tag="040" ind1=" " ind2=" ">
   <subfield code="a">BTCTA</subfield>
   <subfield code="c">BTCTA</subfield>
   <subfield code="d">YDXCP</subfield>
   <subfield code="d">BAKER</subfield>
   <subfield code="d">SXP</subfield>
   <subfield code="d">TXA</subfield>
   <subfield code="d">MUQ</subfield>
   <subfield code="d">UMC</subfield>
   <subfield code="d">VRC</subfield>
   <subfield code="d">AU@</subfield>
   <subfield code="d">DLC</subfield>
   <subfield code="d">DB-DhAAL</subfield>
  </datafield>
  <datafield tag="082" ind1="0" ind2="4">
   <subfield code="a">005.13/3 </subfield>
   <subfield code="2">21</subfield>
  </datafield>
  <datafield tag="100" ind1="1" ind2=" ">
   <subfield code="a">Troelsen, Andrew W.</subfield>
  </datafield>
  <datafield tag="245" ind1="1" ind2="0">
   <subfield code="a">Pro C# 2008 and the .NET 3.5 platform /</subfield>
   <subfield code="c">Andrew Troelsen.</subfield>
  </datafield>
  <datafield tag="250" ind1=" " ind2=" ">
   <subfield code="a">4th ed.</subfield>
  </datafield>
  <datafield tag="260" ind1=" " ind2=" ">
   <subfield code="a">Berkeley, CA ;</subfield>
   <subfield code="a">New York ;</subfield>
   <subfield code="a">New Delhi :</subfield>
   <subfield code="b">Apress,</subfield>
   <subfield code="c">c2007.</subfield>
  </datafield>
  <datafield tag="300" ind1=" " ind2=" ">
   <subfield code="a">xxviii, 1370 p. :</subfield>
   <subfield code="b">ill. ;</subfield>
   <subfield code="c">25 cm.</subfield>
  </datafield>
  <datafield tag="490" ind1="0" ind2=" ">
   <subfield code="a">The expert's voice in .NET</subfield>
  </datafield>
  <datafield tag="504" ind1=" " ind2=" ">
   <subfield code="a">Includes index.</subfield>
  </datafield>
  <datafield tag="541" ind1="1" ind2=" ">
   <subfield code="e">00020580</subfield>
  </datafield>
  <datafield tag="650" ind1=" " ind2="0">
   <subfield code="a">C# (Computer program language)</subfield>
  </datafield>
  <datafield tag="650" ind1=" " ind2="0">
   <subfield code="a">Microsoft .NET.</subfield>
  </datafield>
  <datafield tag="650" ind1=" " ind2="0">
   <subfield code="a">Internet programming.</subfield>
  </datafield>
  <datafield tag="650" ind1=" " ind2="6">
   <subfield code="a">C# (Langage de programmation)</subfield>
  </datafield>
  <datafield tag="650" ind1=" " ind2="6">
   <subfield code="a">Microsoft .NET.</subfield>
  </datafield>
  <datafield tag="650" ind1=" " ind2="6">
   <subfield code="a">Programmation sur Internet.</subfield>
  </datafield>
  <datafield tag="852" ind1="4" ind2=" ">
   <subfield code="a">Ayesha Abed Library </subfield>
   <subfield code="j">General Shelf.</subfield>
  </datafield>
  <datafield tag="999" ind1=" " ind2=" ">
   <subfield code="c">9237</subfield>
   <subfield code="d">9237</subfield>
  </datafield>
  <datafield tag="952" ind1=" " ind2=" ">
   <subfield code="0">0</subfield>
   <subfield code="1">0</subfield>
   <subfield code="2">ddc</subfield>
   <subfield code="4">0</subfield>
   <subfield code="6">005_133000000000000_TRO_2007</subfield>
   <subfield code="7">0</subfield>
   <subfield code="9">11698</subfield>
   <subfield code="a">BRACUL</subfield>
   <subfield code="b">BRACUL</subfield>
   <subfield code="c">GEN</subfield>
   <subfield code="d">2010-08-24</subfield>
   <subfield code="e">Karim International</subfield>
   <subfield code="g">908.60</subfield>
   <subfield code="l">1</subfield>
   <subfield code="m">11</subfield>
   <subfield code="o">005.133 TRO</subfield>
   <subfield code="p">3010020580</subfield>
   <subfield code="r">2013-08-05</subfield>
   <subfield code="s">2013-06-03</subfield>
   <subfield code="t">1</subfield>
   <subfield code="w">2010-08-24</subfield>
   <subfield code="y">BK</subfield>
  </datafield>
 </record>
</collection>
